Libary & Anformation Science Abstracts / (Record no. 72809)
[ view plain ]
| 000 -LEADER | |
|---|---|
| fixed length control field | 00504nam a2200145Ia 4500 |
| 008 - FIXED-LENGTH DATA ELEMENTS--GENERAL INFORMATION | |
| fixed length control field | 150114 000 0 eng d |
| 040 ## - CATALOGING SOURCE | |
| Original cataloging agency | NG-ZaABU |
| 050 ## - LIBRARY OF CONGRESS CALL NUMBER | |
| Classification number | Z 671 |
| 245 #0 - TITLE STATEMENT | |
| Title | Libary & Anformation Science Abstracts / |
| Statement of responsibility, etc. | edited by Nicholas L. Moore |
| 260 ## - PUBLICATION, DISTRIBUTION, ETC. | |
| Place of publication, distribution, etc. | London : |
| Name of publisher, distributor, etc. | The Library Association |
| Date of publication, distribution, etc. | 1980 |
| 300 ## - PHYSICAL DESCRIPTION | |
| Extent | 355p. |
| 500 ## - GENERAL NOTE | |
| General note | Includes Index |
| 700 ## - ADDED ENTRY--PERSONAL NAME | |
| Personal name | Moore Nicholas L. |
No items available.